A rendészeti igazgatás, különös tekintettel az útlevélügy fejlődésére
Elmentve itt :
| Szerző: | |
|---|---|
| További közreműködők: | |
| Dokumentumtípus: | Szakdolgozat |
| Megjelent: |
1991
|
| Tárgyszavak: | |
| Online Access: | http://diploma.bibl.u-szeged.hu/22634 |
| LEADER | 00583nta a2200157 i 4500 | ||
|---|---|---|---|
| 001 | dipl22634 | ||
| 005 | 20130314081431.0 | ||
| 008 | 111011s1991 hu om 0|| zxx d | ||
| 040 | |a SZTE Diploma Repozitórium |b hun | ||
| 041 | |a zxx | ||
| 100 | 1 | |a Kiss Bálint | |
| 245 | 1 | 2 | |a A rendészeti igazgatás, különös tekintettel az útlevélügy fejlődésére |h [elektronikus dokumentum] / |c Bálint Kiss |
| 260 | |c 1991 | ||
| 650 | 4 | |a Jogi és igazgatási tanulmányok | |
| 700 | 1 | |a Tamás András |e ths | |
| 856 | 4 | 0 | |u http://diploma.bibl.u-szeged.hu/id/eprint/22634/1/1991_kiss_balint.pdf |z Dokumentum-elérés |